East Asia at the centre (Record no. 1068516)

MARC details
000 -LEADER
fixed length control field 00967nam a2200277Ia 4500
003 - CONTROL NUMBER IDENTIFIER
control field OSt
005 - DATE AND TIME OF LATEST TRANSACTION
control field 20221006140713.0
008 - FIXED-LENGTH DATA ELEMENTS--GENERAL INFORMATION
fixed length control field 221006b |||||||| |||| 00| 0 eng d
020 ## - INTERNATIONAL STANDARD BOOK NUMBER
International Standard Book Number 9780231101097
-- 5.00
037 ## - SOURCE OF ACQUISITION
Terms of availability Textual
040 ## - CATALOGING SOURCE
Original cataloging agency EASL
Transcribing agency EASL
Language of cataloging eng
041 ## - LANGUAGE CODE
Source of code eng
Language code of text/sound track or separate title eng
100 ## - MAIN ENTRY--PERSONAL NAME
Personal name COHEN Warren I
245 #0 - TITLE STATEMENT
Title East Asia at the centre
Remainder of title Four thousand years of engagement with the world
260 ## - PUBLICATION, DISTRIBUTION, ETC.
Place of publication, distribution, etc. Newyork
Name of publisher, distributor, etc. Columbia University Press
Date of publication, distribution, etc. 2000
300 ## - PHYSICAL DESCRIPTION
Extent 516p.
Dimensions cm.
650 ## - SUBJECT ADDED ENTRY--TOPICAL TERM
Topical term or geographic name entry element Asia Southeastern - Relations Foreign countries
9 (RLIN) 643248
650 ## - SUBJECT ADDED ENTRY--TOPICAL TERM
Topical term or geographic name entry element Gen
9 (RLIN) 642731
650 ## - SUBJECT ADDED ENTRY--TOPICAL TERM
Topical term or geographic name entry element East Asia - Relations - Foreign countries
9 (RLIN) 643249
942 ## - ADDED ENTRY ELEMENTS (KOHA)
Classification part V49B:19.N7, P0-;1
Koha item type Textual
Source of classification or shelving scheme Colon Classification (CC)
Holdings
Withdrawn status Lost status Source of classification or shelving scheme Materials specified (bound volume or other part) Damaged status Not for loan Home library Current library Date acquired Source of acquisition Total Checkouts Full call number Barcode Date last seen Price effective from Koha item type
    Colon Classification (CC) 5.00     Department of East Asian Studies Library Department of East Asian Studies Library 2022-10-06 66294, 13/02/2001, International Book Distributors   V49B:19.N7 P0-;1 EA1229061 2022-10-06 2022-10-06 Textual
Copyright @ Delhi University Library System